logo

Bir Sreshtho Munshi Abdur Rouf Library
Jhenaidah Cadet College

গল্পগুচ্ছ / (Record no. 10910)

MARC details
000 -LEADER
fixed length control field 00693nam a2200229 a 4500
001 - CONTROL NUMBER
JCCL Control Number 10910
003 - CONTROL NUMBER IDENTIFIER
JCCL marc code BD-JhCC
005 - DATE AND TIME OF LATEST TRANSACTION
control field 20220829134022.0
008 - FIXED-LENGTH DATA ELEMENTS--GENERAL INFORMATION
fixed length control field 190527b2014 bg |||| ||a| 000 0 ben d
020 ## - INTERNATIONAL STANDARD BOOK NUMBER
International Standard Book Number 9848413006
035 ## - SYSTEM CONTROL NUMBER
system control number (BD-JhCC)10910
040 ## - CATALOGING SOURCE
Original cataloging agency BD-JhCC
Modifying agency BD-JhCC
041 ## - LANGUAGE CODE
Language code of Book ben
082 ## - DEWEY DECIMAL CLASSIFICATION NUMBER
Classification number 891.4435
Author mark and Year TAG 2014
100 ## - MAIN ENTRY--PERSONAL NAME
Personal name ঠাকুর, রবীন্দ্রনাথ
245 ## - TITLE STATEMENT
Title গল্পগুচ্ছ /
Statement of responsibility, etc রবীন্দ্রনাথ ঠাকুর
260 ## - PUBLICATION, DISTRIBUTION, ETC. (IMPRINT)
Place of publication, distribution, etc ঢাকা,
Name of publisher, distributor, etc শামস পাবলিকেশন্স;
Date of publication, distribution, etc ২০১৪.
300 ## - PHYSICAL DESCRIPTION
Pagination 799 p. :
Dimensions 22 cm.
650 ## - SUBJECT ADDED ENTRY--TOPICAL TERM
Topical term or geographic name as entry element short stories
942 ## - ADDED ENTRY ELEMENTS (KOHA)
Source of classification or shelving scheme Dewey Decimal Classification
Koha item type Books
Koha issues (borrowed), all copies 5
Holdings
Source of classification or shelving scheme Damaged status Not for loan Home library Current library Shelving location Date of accession Cost, normal purchase price Total Checkouts Full call number Barcode Date last seen Date checked out Copy number Koha item type Checked out Method of acquisition Currency
Dewey Decimal Classification     JCC Rouf Library JCC Rouf Library General Stacks 06/06/2019 400.00 7 891.4435 TAG 2014 14932 09/04/2025 07/24/2025 C-1 Books      
Dewey Decimal Classification     JCC Rouf Library JCC Rouf Library General Stacks   250.00 4 891.4435 TAG 2009 19512 12/17/2025 12/17/2025 C-2 Books 01/12/2026 Purchase BDT

JCC Library | Contacts | JCC Home

Last Update on 23 September 2017
Copyright @ 2017-2020 JCC Rouf Library
Rouf Library, Jhenidah Cadet College (JCC), Bangladesh